| Tag |
First Indicator |
Second Indicator |
Subfields |
| LEADER |
00000cam a2200000 a 4500 |
| 001 |
in00001150821 |
| 005 |
20151001063014.0 |
| 008 |
930713s1993 at abf b 001 0 eng d |
| 019 |
|
|
|a 28447004
|
| 020 |
|
|
|a 0868400939
|
| 035 |
|
|
|a (OCoLC)28443037
|
| 035 |
|
|
|9 AGD7477AM
|
| 040 |
|
|
|a AGL
|c AGL
|d PLF
|d TXA
|d UtOrBLW
|
| 049 |
|
|
|a TXAM
|
| 070 |
0 |
|
|a QL666.L29K56
|b 1993
|
| 072 |
|
0 |
|a X300
|
| 090 |
|
|
|a QL666.L29
|b K56 1993
|
| 092 |
|
|
|a 597.95
|b K581g
|
| 100 |
1 |
|
|a King, Dennis,
|d 1942-
|
| 245 |
1 |
0 |
|a Goanna :
|b the biology of varanid lizards /
|c Dennis King & Brian Green ; illustrated by Frank Knight, Keith Newgrain and Jo Eberhard.
|
| 264 |
|
1 |
|a Kensington, NSW :
|b New South Wales University Press ;
|a Portland, Or. :
|b Available in North America through International Specialised Book Services,
|c 1993.
|
| 300 |
|
|
|a viii, 102 pages, 8 unnumbered pages of plates :
|b illustrations (some color), maps ;
|c 24 cm.
|
| 336 |
|
|
|a text
|b txt
|2 rdacontent
|
| 337 |
|
|
|a unmediated
|b n
|2 rdamedia
|
| 338 |
|
|
|a volume
|b nc
|2 rdacarrier
|
| 490 |
1 |
|
|a Australian natural history series
|
| 504 |
|
|
|a Includes bibliographical references (pages 93-100) and index.
|
| 650 |
|
0 |
|a Varanus
|z Australia.
|
| 650 |
|
0 |
|a Monitor lizards.
|
| 700 |
1 |
|
|a Green, Brian,
|d 1942-
|
| 830 |
|
0 |
|a Australian natural history series.
|
| 999 |
|
|
|a MARS
|
| 999 |
f |
f |
|s c15608ca-64d8-3b8e-a40e-a7ce307b2d24
|i e82cbf6b-7f7a-3ea3-a913-bc0d1f65d7ab
|t 0
|
| 952 |
f |
f |
|p ric
|a Texas A&M University
|b Rellis Campus
|c Joint Library Facility
|d Remote Storage
|t 0
|e QL666.L29 K56 1993
|h Library of Congress classification
|i unmediated -- volume
|m A14817960527
|
| 998 |
f |
f |
|a QL666.L29 K56 1993
|t 0
|l Remote Storage
|